000 00435cam a2200193ua 4500
001 9118
008 150221n ii |||gr||||Z||||||eng
020 _a8176800481
040 _cMAIN
041 _aeng
082 _a330
100 _aGoel, J. P.,
_eAuthor.
245 _aIntroduction to economics
_cBy J. P. Goel
250 _a1st.
260 _aDibrugarh:
_bTusher,
_c2010.
300 _a606p.
653 _aEconomics
942 _cBK
999 _c8190
_d8190